[Event "Dvorkovich Memorial op 6th"]
[Site "Taganrog"]
[Date "2011.08.06"]
[Round "6"]
[White "Kolesnikov, Vladimir I"]
[Black "Travkina, Anastasia"]
[Result "1/2-1/2"]
[WhiteElo "2018"]
[BlackElo "2176"]
[PlyCount "109"]
[EventDate "2011.08.01"]
[EventType "swiss"]
[EventRounds "9"]
[EventCountry "RUS"]
[SourceTitle "CBM 144 Extra"]
[Source "ChessBase"]
[SourceDate "2011.10.28"]
[SourceVersion "1"]
[SourceVersionDate "2011.10.28"]
[SourceQuality "1"]

1. e4 c5 2. c3 g6 3. d4 cxd4 4. cxd4 d5 5. exd5 Nf6 6. Bb5+ Nbd7 7. Nc3 a6 8. Ba4 b5 9. Bb3 Nb6 10. Nf3 Bg7 11. 0-0 0-0 12. Re1 Bb7 13. Bf4 b4 14. Na4 Nxa4 15. Bxa4 Nxd5 16. Be5 Rc8 17. Bxg7 Kxg7 18. Ne5 Nf4 19. f3 Qd6 20. Qd2 Ne6 21. Bd7 Rcd8 22. Bxe6 fxe6 23. Rad1 Bd5 24. b3 a5 25. Ng4 Qf4 26. Ne5 Rd6 27. Qxf4 Rxf4 28. Re2 a4 29. bxa4 Ra6 30. Kf2 Rxa4 31. Ke3 Rf8 32. Nd3 Bc4 33. Rb2 Rb8 34. Rdd2 Ra3 35. Ke4 Bd5+ 36. Ke3 Rc3 37. Kf2 Rc4 38. Ne5 Rc7 39. Nd3 Rcb7 40. Nc5 Ra7 41. Ke3 Ra3+ 42. Kf2 g5 43. Nd3 Ra4 44. Nc5 Ra7 45. Nd3 Ra4 46. Nc5 Ra5 47. Nd3 Rab5 48. Nc5 Rc8 49. Nd3 Rcb8 50. Nc5 Ra8 51. h3 h5 52. Nd3 Ra4 53. Nc5 Ra7 54. Nd3 Ra4 55. Nc5 1/2-1/2

[Event "Dvorkovich Memorial op 5th"]
[Site "Taganrog"]
[Date "2010.08.09"]
[Round "8"]
[White "Kolesnikov, Vladimir I"]
[Black "Serdyuk, G."]
[Result "1/2-1/2"]
[WhiteElo "2000"]
[BlackElo "2124"]
[PlyCount "88"]
[EventDate "2010.08.02"]
[EventType "swiss"]
[EventRounds "9"]
[EventCountry "RUS"]
[SourceTitle "EXT 2013"]
[Source "ChessBase"]
[SourceDate "2012.11.22"]
[SourceVersion "1"]
[SourceVersionDate "2012.11.22"]
[SourceQuality "1"]

1. e4 c5 2. c3 e5 3. Nf3 Nc6 4. d4 exd4 5. cxd4 cxd4 6. Nxd4 Nf6 7. Nxc6 dxc6 8. Qxd8+ Kxd8 9. Bg5 Be7 10. Nc3 h6 11. Bf4 Bb4 12. 0-0-0+ Ke7 13. Bc4 Be6 14. Bxe6 fxe6 15. f3 Bxc3 16. bxc3 Rad8 17. Bc7 Rd7 18. Rxd7+ Nxd7 19. Rd1 Rc8 20. Bd6+ Ke8 21. Kc2 c5 22. c4 Rc6 23. Bg3 Ra6 24. Kb3 Rb6+ 25. Kc3 Ke7 26. Rd2 Rb4 27. Bd6+ Ke8 28. Bxc5 Ra4 29. Bf2 Ne5 30. c5 Rc4+ 31. Kb3 Rc1 32. Bd4 Nd7 33. Bxg7 Nxc5+ 34. Kb2 Rh1 35. Bxh6 Rxh2 36. Be3 Nd7 37. a4 b6 38. Kb3 Rh1 39. Bd4 Kd8 40. Kc4 Ke7 41. Kd3 Kd8 42. Kc3 Ke7 43. f4 e5 44. fxe5 Ke6 1/2-1/2